000 01547nam a22004097a 4500
003 CHAP
005 20220329143216.0
008 070221d2007 mx bd r 00110 spa d
010 _a93317
011 _a94289
035 _a104876
040 _cCHAP
090 _aTesis
100 1 _aMontiel Oscura, Diego
_977956
245 1 0 _aCaracterización de una plantación de pino (Pinus patula Schl. et Cham) en el Municipio de Teziutlan, estado de Puebla
_c/por Diego Montiel Oscura e Iván Zamudio Valencia
260 _aChapingo, Méx. :
_bEl autor,
_c2007
300 _a64 h. :
_bgráfs. ; mapas ; cuadros
502 _aTesis (Ing. Forestal) -- UACH. División de Ciencias Forestales
590 _aALEPH
_b10
_c20130110
_lUCH01
_h1516
590 _aBATCH-UPD
_b10
_c20130110
_lUCH01
_h0038
590 _aBATCH-UPD
_b10
_c20130110
_lUCH01
_h0615
590 _aBATCH-UPD
_b10
_c20130409
_lUCH01
_h2023
590 _aBATCH-UPD
_b10
_c20130410
_lUCH01
_h0753
590 _aBATCH-UPD
_b10
_c20130914
_lUCH01
_h1830
590 _aCONVERSION
_b10
_c20130109
_lUCH01
_h1352
650 1 4 _aÁrboles
_xCrecimiento.
_96583
650 1 4 _aÁrboles
_xEdad.
_96593
650 1 4 _aÁrboles
_xPuebla.
_96639
650 1 4 _aPinus patula.
_988356
650 1 4 _aPlantación de árboles.
_988782
700 1 _aZamudio Valencia, Iván.
_9123571
901 _aBK
905 _aMarco A. Mendoza T.
942 _cFOLL
949 _aTesis
_bBC
_cTES
_d33724002024165
_eTS1
_gDonaciØn
_h46541
_i104876
_sb
949 _aTesis
_bBC
_cTES
_d33724002024173
_eTS2
_fc.2
_gDonaciØn
_h46542
_i104876
_sb
999 _c93317
_d93317